000 00701cam a2200229 a 4500
001 000018479
005 20200929165819.0
008 820301s1977 cr 000 j spa d
040 _aDO-SdBNP
_bspa
_cLC
_dBNPHU
082 _aN863.44
_bC512tr
100 1 _aChávez Alfaro, Lizandro,
_d1929-
_922451
245 1 0 _aTrece veces nunca /
_cLizandro Chávez Alfaro.
260 _aCosta Rica :
_bUniversitaria Centroaméricana (EDUCA),
_c1977.
300 _a102 p. ;
_c17 cm.
490 1 _aSeptimo día
650 4 _aCuentos nicaragüenses
_99879
650 4 _aLiteratura nicaragüense
_98122
830 0 _aSeptimo día
_939978
910 _aCatalogación derivada / LC
910 _aWM
049 _aBNGR
999 _c17999
_d17999